000 00439nam a2200169Ia 4500
008 210716s2006 xx 000 0 und d
020 _a8178811197
041 _aeng
082 _a332.640973 SEEK
100 _aSeethapathi, K; Suryanarayana A; Subbulakshmi, V.
245 _aEquity valuation and analysis.
250 _a1
260 _aHyderabad
_bICFAI University Press
_c2006
300 _avii,179
440 _v1
650 _aNone
999 _c202335
_d202335